| 000 | 00681cam a2200229 a 4500 | ||
|---|---|---|---|
| 001 | 4943954 | ||
| 005 | 20180917033756.0 | ||
| 008 | 960417s1996 nyu b 000 0 eng | ||
| 010 | _a 96020142 | ||
| 020 | _a0874778484 (alk. paper) | ||
| 040 |
_aDLC _cDLC _dDLC |
||
| 041 | _aeng | ||
| 080 | _a808.06692 ALB | ||
| 082 | 0 | 0 |
_a808.06692 ALB _220 |
| 100 | 1 | _a21 | |
| 101 | _aGJL | ||
| 245 | 1 | 0 |
_aWriting from life : _cSusan Wittig Albert. |
| 504 | _aIncludes bibliographical references (p. 231-233). | ||
| 906 |
_a7 _bcbc _corignew _d1 _eocip _f19 _gy-gencatlg |
||
| 942 |
_2ddc _cBK |
||
| 999 |
_c47826 _d47826 |
||